Ohodnocovanie komerčného potenciálu nových produktov a technológií

Analýza problematiky ohodnocovania komerčného potenciálu nových produktov a technológií. Rozhodujúce faktory vstupujúce do hodnotenia komerčného potenciálu produktov a technológií. Analýza možnosti využitia Cost Benefit analýzy pri ohodnocovaní komerčného potenciálu. Analýza jej silných a slabých st...

Ausführliche Beschreibung

Gespeichert in:
Bibliographische Detailangaben
1. Verfasser: Jurkovičová, Lujza
Format: Buchkapitel
Sprache:Slowakisch
Schlagworte:
Tags: Tag hinzufügen
Keine Tags, Fügen Sie das erste Tag hinzu!

MARC

LEADER 00000naa a2200000 4500
001 0203800
005 20240502073413.9
041 0 |a slo 
044 |a SK 
245 1 0 |a Ohodnocovanie komerčného potenciálu nových produktov a technológií  |c Lujza Jurkovičová 
520 |a Analýza problematiky ohodnocovania komerčného potenciálu nových produktov a technológií. Rozhodujúce faktory vstupujúce do hodnotenia komerčného potenciálu produktov a technológií. Analýza možnosti využitia Cost Benefit analýzy pri ohodnocovaní komerčného potenciálu. Analýza jej silných a slabých stránok a vhodnosť jej použitia za týmto účelom. 
610 2 0 |a predaj 
610 2 0 |a technológie nové 
610 2 0 |a analýza nákladov 
610 2 0 |a analýza nákladov a výnosov 
610 2 0 |a ohodnocovanie 
610 2 0 |a analýza swot 
100 1 |a Jurkovičová, Lujza